| 000 | 00575pam a2200169 a 4500 | ||
|---|---|---|---|
| 082 | 0 | 0 |
_a620.112 _bSAR _cL-39, P-167. |
| 100 | 1 |
_aSarkar .b.k _940903 |
|
| 245 | 1 | 0 |
_astrength of materials through problems _cB.k. sarkar |
| 260 |
_aNew dehli _bAllied publishers limited. _cc1997. |
||
| 300 |
_a591 p. : _bill. ; _c28 cm. |
||
| 526 |
_a0 _b0 _c0 _d620_112000000000000_SAR |
||
| 650 | 0 |
_aMCE _9379 |
|
| 650 | 0 |
_aStatics. _91020 |
|
| 650 | 0 |
_astrength of materials through problems _940904 |
|
| 856 | 4 | 1 | _uhttp://www.loc.gov/catdir/enhancements/fy0637/82011878-t.html |
| 942 |
_2ddc _cBK |
||
| 999 |
_c545132 _d545132 |
||